[Event "Quebec op"]
[Site "Montreal"]
[Date "1987.07.29"]
[Round "4"]
[White "Hoddy, Joseph"]
[Black "Fournier, Rene"]
[Result "0-1"]
[WhiteElo "1640"]
[BlackElo "1828"]
[PlyCount "114"]
[EventDate "1987.07.26"]
[EventType "swiss"]
[EventRounds "8"]
[EventCountry "CAN"]
[SourceTitle "EXT 2022"]
[Source "ChessBase"]
[SourceDate "2021.10.06"]
[SourceVersion "1"]
[SourceVersionDate "2021.10.06"]
[SourceQuality "1"]

1. e4 c5 2. f4 Nc6 3. Nf3 d6 4. d3 g6 5. c3 Bg7 6. Be2 e6 7. Be3 Nge7 8. 0-0 0-0 9. Nbd2 f5 10. Rc1 b6 11. a3 Bb7 12. Ng5 Qd7 13. Qb3 d5 14. e5 h6 15. Ngf3 d4 16. cxd4 Nd5 17. Nc4 Nxe3 18. Nxe3 Nxd4 19. Qd1 Rfd8 20. Nxd4 Qxd4 21. Qd2 Ba6 22. Rfd1 Qxf4 23. Nc4 Qxd2 24. Rxd2 Rd4 25. Rdc2 Bxc4 26. dxc4 Rad8 27. Bf3 Kf7 28. Re2 Ke7 29. h3 h5 30. Kf1 Rd2 31. Rce1 R8d4 32. b3 Rxe2 33. Bxe2 Bxe5 34. Bxh5 Bg3 35. Bxg6 Rf4+ 36. Ke2 Re4+ 37. Kf3 Bxe1 38. g4 Kf6 39. Bh7 Rd4 40. gxf5 exf5 41. Ke3 Re4+ 42. Kf3 Rh4 43. Bg8 Rxh3+ 44. Ke2 Bh4 45. b4 Rxa3 46. bxc5 bxc5 47. Bd5 Ke5 48. Bf7 Kd4 49. Be6 f4 50. Bd5 Re3+ 51. Kf1 a5 52. Kg2 a4 53. Bf3 a3 54. Bd1 a2 55. Bf3 a1Q 56. Bd5 Qb2+ 57. Kh1 Re1# 0-1